Электропроводящие полимерные композиции на основе биоразлагаемого полилактида; Энергетика: эффективность, надежность, безопасность; Т. 1

Bibliografske podrobnosti
Parent link:Энергетика: эффективность, надежность, безопасность: материалы XXI Всероссийской научно-технической конференции, 2-4 декабря 2015 г., Томск/ Национальный исследовательский Томский политехнический университет (ТПУ) [и др.] ; ред. кол. В. В. Литвак [и др.].— , 2015
Т. 1.— 2015.— [С. 56-60]
Corporate Authors: Национальный исследовательский Томский политехнический университет (ТПУ) Институт физики высоких технологий (ИФВТ) Кафедра материаловедения в машиностроении (ММС) Международная научно-образовательная лаборатория "Композиционные материалы и покрытия" (МНОЛ КМиП), Национальный исследовательский Томский политехнический университет (ТПУ) Институт кибернетики (ИК) Кафедра интегрированных компьютерных систем управления (ИКСУ)
Drugi avtorji: Амитов Е. Т. Ернар Танирбергенулы, Берчук Д. Ю. Денис Юрьевич, Журавлев Д. В. Денис Владимирович, Лебедев С. М. Сергей Михайлович
Izvleček:Заглавие с титульного экрана
Jezik:ruščina
Izdano: 2015
Serija:Эффективность электроэнергетических установок и систем
Teme:
Online dostop:http://earchive.tpu.ru/handle/11683/14834
http://www.lib.tpu.ru/fulltext/c/2015/C15/V1/024.pdf
Format: MixedMaterials Elektronski Book Chapter
KOHA link:https://koha.lib.tpu.ru/cgi-bin/koha/opac-detail.pl?biblionumber=616546

MARC

LEADER 00000naa2a2200000 4500
001 616546
005 20260424133307.0
035 |a (RuTPU)RU\TPU\conf\14797 
090 |a 616546 
100 |a 20160111d2015 k y0rusy50 ca 
101 0 |a rus 
102 |a RU 
105 |a y z 101zy 
135 |a drgn ---uucaa 
181 0 |a i  
182 0 |a b 
200 1 |a Электропроводящие полимерные композиции на основе биоразлагаемого полилактида  |f Е. Т. Амитов, Д. Ю. Берчук, Д. В. Журавлев, С. М. Лебедев 
203 |a Текст  |c электронный 
225 1 |a Эффективность электроэнергетических установок и систем 
300 |a Заглавие с титульного экрана 
320 |a [Библиогр.: с. 60 (9 назв.)] 
337 |a Adobe Reader 
461 1 |0 (RuTPU)RU\TPU\conf\14426  |t Энергетика: эффективность, надежность, безопасность  |o материалы XXI Всероссийской научно-технической конференции, 2-4 декабря 2015 г., Томск  |o в 2 т.  |f Национальный исследовательский Томский политехнический университет (ТПУ) [и др.] ; ред. кол. В. В. Литвак [и др.]  |d 2015 
463 0 |0 (RuTPU)RU\TPU\conf\14432  |t Т. 1  |v [С. 56-60]  |d 2015 
610 1 |a труды учёных ТПУ 
610 1 |a электронный ресурс 
610 1 |a электропроводящие материалы 
610 1 |a полимерные материалы 
610 1 |a биоразлагаемые материалы 
610 1 |a полилактиды 
701 1 |a Амитов  |b Е. Т.  |c специалист в области материаловедения  |c техник Томского политехнического университета  |f 1991-  |g Ернар Танирбергенулы  |3 (RuTPU)RU\TPU\pers\32245 
701 1 |a Берчук  |b Д. Ю.  |c специалист в области информатики и вычислительной техники  |c инженер Томского политехнического университета  |f 1989-  |g Денис Юрьевич  |3 (RuTPU)RU\TPU\pers\31335 
701 1 |a Журавлев  |b Д. В.  |c специалист в области информатики и вычислительной техники  |c инженер Томского политехнического университета  |g Денис Владимирович  |3 (RuTPU)RU\TPU\pers\31336 
701 1 |a Лебедев  |b С. М.  |c физик  |c заведующий лабораторией Томского политехнического университета, доктор технических наук  |f 1954-  |g Сергей Михайлович  |3 (RuTPU)RU\TPU\pers\25466  |9 11405 
712 0 2 |a Национальный исследовательский Томский политехнический университет (ТПУ)  |b Институт физики высоких технологий (ИФВТ)  |b Кафедра материаловедения в машиностроении (ММС)  |b Международная научно-образовательная лаборатория "Композиционные материалы и покрытия" (МНОЛ КМиП)  |3 (RuTPU)RU\TPU\col\20536 
712 0 2 |a Национальный исследовательский Томский политехнический университет (ТПУ)  |b Институт кибернетики (ИК)  |b Кафедра интегрированных компьютерных систем управления (ИКСУ)  |3 (RuTPU)RU\TPU\col\18701 
801 2 |a RU  |b 63413507  |c 20210127  |g RCR 
856 4 |u http://earchive.tpu.ru/handle/11683/14834 
856 4 |u http://www.lib.tpu.ru/fulltext/c/2015/C15/V1/024.pdf 
942 |c BK